Puteri Juliana

Bibliographic Details
Main Author: Wan Ahmad Ismail
Format: Book
Published: Kuala Lumpur : DBP , 1994
Series:Kumpulan cerpen remaja
Subjects:

MARC

LEADER 00000cam a2200000 7i4500
001 0000006435
002 000006944
005 20000330.0
020 |a 9836237054 
090 0 0 |a JF   |b WAN 
100 0 |a Wan Ahmad Ismail 
245 1 0 |a Puteri Juliana   |c Wan Ahmad Ismail 
260 |a Kuala Lumpur :   |b DBP ,   |c 1994 
300 |a 170p. ;   |c 18cm. 
490 0 |a Kumpulan cerpen remaja 
650 0 0 |a General fiction, Malay 
999 |a 039349   |b BUKU   |c PINJAMAN   |e PERPUSTAKAAN KOMUNITI PETALING JAYA 
999 |a 039350   |b BUKU   |c YOUTH FICTION   |e PERPUSTAKAAN KOMUNITI PETALING JAYA